On This Day: July 6th Quiz Stats

 Plays Quiz Updated Jul 6, 2017

Support Sporcle.
Go Orange.
Score 0/7 Timer 03:00
1 Play Today
Question Answer Wrong Answers
This man, who would go on to be the first African American to play in Major League Baseball in the modern era, is court-martialed for refusing to move to the back of the Army bus he was riding on.
1944
Jackie Robinson
80%
Frank Robinson
6.4%
Hank Aaron
6.1%
Larry Doby
3.1%
The ‘Iraq Inquiry’ is published after seven years by Sir John Chilcot. In it, this individual is critiqued for their decision to go ahead with the 2003 Invasion of Iraq.
2016
Tony Blair
75.1%
Queen Elizabeth II
2.9%
Gordon Brown
5.6%
David Cameron
10.9%
Louis Pasteur successfully tests his vaccine against ______ on Joseph Meister, a boy who was bitten by an infected dog.
1885
Rabies
69.2%
Polio
24.8%
Anthrax
2.4%
Fowl Cholera
2.3%
This famous Mexican painter, known for making self-portraits, is born.
1907
Frida Kahlo
63.2%
Salvador Dalí
12.8%
Diego Rivera
11.2%
Pablo Picasso
10.6%
In Jackson, Michigan, the first convention of the United States ______ Party is held.
1854
Republican
61.8%
Democratic
22.1%
Bull Moose
6%
Whig
10%
The first Major League Baseball All-Star Game is played in this Chicago Stadium, which was home to the White Sox for 80 years.
1933
Comiskey Park
47%
US Cellular Field
2.9%
Wrigley Field
34.4%
Fenway Park
12.4%
This African island nation in the Indian Ocean declares independence from France.
1975
Comoros
46.5%
Cabo Verde
18%
São Tomé and Príncipe
21.6%
Lesotho
9%

You're not logged in!

Compare scores with friends on all Sporcle quizzes.
OR
Log In
Forgot?

From the Vault

Bluffing Cards

by chaosBEE

We will never trust a deck of cards after this.
Remove Ads.
Support Sporcle.
Get the best of Sporcle when you Go Orange. This ad-free experience offers more features, more stats, and more fun while also helping to support Sporcle. Thank you for becoming a member.

Show Comments

Extras

Top Quizzes Today


Score Distribution

Your Account Isn't Verified!

In order to create a playlist on Sporcle, you need to verify the email address you used during registration. Go to your Sporcle Settings to finish the process.

Report this User

Report this user for behavior that violates our Community Guidelines.

Details: